| 000 | 00546nam a2200193 a 4500 | ||
|---|---|---|---|
| 001 | 1772447158489 | ||
| 003 | YourLibrary | ||
| 005 | 20260302160217.0 | ||
| 008 | 260302s1994##################000#0#eng## | ||
| 020 | _a9780198291763 | ||
| 082 | 0 | 4 |
_a327.17409409 _bWAL |
| 100 | 1 |
_aWalker, Jenonne, _eauthor. |
|
| 245 | 1 | 0 | _aSecurity and Arms Control in Post-confrontation Europe : |
| 260 |
_bSIPRI Research Reports, _c1994. |
||
| 300 | _a204 pages | ||
| 650 | 0 | _aPolitical Science. | |
| 942 | _cENGLISH | ||
| 040 |
_aYourLibrary _beng _cYourLibrary |
||
| 999 |
_c616537 _d616537 |
||